LEADER 01032nam0-2200325 --450 001 9910729699303321 005 20240122114156.0 010 $a88-7088-061-3 100 $a20230703h19821983kmuy0itay5050 ba 101 0 $aita 102 $aIT 105 $a 001yy 200 1 $aDell'interesse per la storia e altri saggi di filosofia e storia delle idee$fÉric Weil$ga cura di Livio Sichirollo$gintroduzione di Ronald Caillois 210 $aNapoli$cBibliopolis$d©1982$hstampa 1983 215 $a265 p.$d22 cm 225 1 $aSaggi Bibliopolis$v8 610 0 $aFilosofia della storia 676 $a901$v18 700 1$aWeil,$bÉric$0141829 702 1$aSichirollo,$bLivio 702 1$aCaillois,$bRoland 801 0$aIT$bUNINA$gREICAT$2UNIMARC 901 $aBK 912 $a9910729699303321 952 $aDFT A80 WEIE 02$b2023/1890$fFLFBC 952 $a10 DO 339 TA$bDONOTAMBURRINI339/23$fDINEL 959 $aDINEL 959 $aFLFBC 996 $aDe l'intérêt que l'on prend à l'histoire$93612287 997 $aUNINA